Body problems running and living long in a fast-food society
Сохранить в:
| Формат: | |
|---|---|
| Язык: | английский |
| Опубликовано: |
Routledge
2020
|
| Метки: |
Добавить метку
Нет меток, Требуется 1-ая метка записи!
|
MARC
| LEADER | 00000nam a22000007a 4500 | ||
|---|---|---|---|
| 008 | 231130b |||||||| |||| 00| 0 eng d | ||
| 020 | |a 9781138658752 | ||
| 245 | |a Body problems |b running and living long in a fast-food society |c Ben Agger |g xvii, 85p | ||
| 250 | |b 2nd | ||
| 260 | |b Routledge |c 2020 |h New York |i 700128 |i 700129 |l TX370.Ag3 |m Convenience foods |m Body image |m Health |m Exercise | ||
| 500 | |a It includes references | ||
| 942 | |a lcc |c BK |e Johnson |f 30/11/23 | ||
| 952 | |0 0 |1 0 |2 lcc |4 0 |6 TX0370 A G3 |7 0 |9 4658 |a TL |b HOL |c QZ |d 2023-11-30 |l 0 |o TX370.Ag3 |p 2023-0573 |r 2023-11-30 00:00:00 |t 700128 |w 2023-11-30 |y BK | ||
| 952 | |0 0 |1 0 |2 lcc |4 0 |6 TX0370 A G3 |7 0 |9 4659 |a HOL |b HOL |c QZ |d 2023-11-30 |l 0 |o TX370.Ag3 |p 2023-0574 |r 2023-11-30 00:00:00 |t 700129 |w 2023-11-30 |y BK | ||
| 999 | |c 2336 |d 2336 | ||